Wszystkie państwa na literę M - Statystyki

Ogólne statystyki
  • Ten quiz został rozwiązany 69 razy
  • Średni wynik to 11 z 17
Statystyki odpowiedzi
Państwo % Poprawnych
Mali
81%
Macedonia Północna
79%
Mołdawia
77%
Malezja
76%
Maroko
76%
Mongolia
76%
Malta
74%
Monako
74%
Malediwy
68%
Madagaskar
66%
Meksyk
66%
Mauretania
65%
Mauritius
61%
Mozambik
58%
Mikronezja
50%
Malawi
47%
Mjanma
45%
Nie znaleziono quizów pasujących do podanych kryteriów
Rozkład punktacji
Procent ludzi z każdym wynikiem
Percentyl według liczby udzielonych odpowiedzi
Twoja historia wyników
Nie rozwiązałeś tego quizu